| 000 | 00712nas a2200229 4500 | ||
|---|---|---|---|
| 001 | BR8905043 | ||
| 003 | BR-BrBNA | ||
| 005 | 20231205091732.0 | ||
| 007 | ta | ||
| 008 | 230509b bl.|||p| |||| 00| 00por d | ||
| 040 |
_aBR-BrBNA _bpor _cBiblioteca Nacional de Agricultura |
||
| 041 | _a(Pt) | ||
| 072 | _aF40 | ||
| 100 | 1 | _aGubert Filho, F.A. | |
| 245 | 1 | _aDescricao de duas areas de ocorrencia natural da palmacea Trithrinax brasiliensis no Estado do Parana | |
| 650 | _aECOLOGIA VEGETAL | ||
| 650 | _aPALMEIRA OLEAGINOSA | ||
| 650 | _aPARANÁ | ||
| 773 | 0 |
_tBoletim FBCN (Brazil) _xISSN 0101-2495 _g(1987), v. 22 p. 79-88 _wBR8905043 |
|
| 909 |
_a202311 _bLúcia _c55 _dLúcia Elande |
||
| 942 |
_2AGRIS _n0 _cANA |
||
| 999 |
_c126994 _d126994 |
||